000 00423nam a2200169Ia 4500
003 GCL
008 140319s9999 xx 000 0 eng d
040 _aGCL /
_cGCL
082 0 4 _a646.6
_bZ P
100 1 _aZARZA
245 1 0 _aPEINTURE SUR SOIE: MERVEILLEUSE AFRIQUE /
_cZARZA
260 _a[S.N] :
_bDESSAIN ET TOLRA ،
_c1991
300 _a63 P
650 0 4 _aHANDCRAFT
650 0 4 _aPAINTING - SILK
942 _2ddc
_cBK
999 _c12723
_d12723